00449nam a2200181Ia 450000500170000000800410001704000190005804100120007708200160008910000170010524500230012225000110014526000380015630000110019444000340020565000180023985000100025720230325095503.0131103s9999 xx 000 0 und d aLoreto College aEnglish a822.91bBON aBond, Edward aSavedcEdward Bond apb ed. aLondonbMethuen & CO. Ltd.c1969 a123p.  amethuen's modern plays series aEnglish drama aLCLIB